Off season [CD/sound recording] / Anne Rivers ... Read More
Available copies
- 2 of 2 copies available at LARL/NWRL Consortium.
- 2 of 2 copies available at Northwest Regional Library. (Show preferred library)
Current holds
0 current holds with 2 total copies.
View other formats and editions
Show Only Available Copies
| Location | Call Number / Copy Notes | Barcode | Shelving Location | Status | Due Date |
|---|---|---|---|---|---|
| Godel Memorial-Warren Library | BOOK-ON-CD SID (Text) | 35500004290852 | Main | Available | - |
| Red Lake Falls Public Library | BOOK-ON-CD SID (Text) | 35500004325047 | Main | Available | - |
Record details
- ISBN: 1600241700
- ISBN: 9781600241703
- Physical Description: 10 sound discs (11 hr., 30 min.) : digital ; 4 3/4 ... Read More
- Publisher: New York, NY : Hachette Audio, p2008.
Content descriptions
| General Note: | Unabridged. Compact disc. |
| Participant or Performer Note: | Read by Jane Alexander. |
| Summary, etc.: | It seems like Cam and Lilly have the perfect ... Read More |
Search for related items by subject
| Subject: | Widows > Fiction. Self-realization > Fiction. |
| Genre: | Compact discs. Psychological fiction. |
| LDR | 01521cim a2200349Ka 4500 | ||
|---|---|---|---|
| 001 | 92249 | ||
| 003 | LARL_NWRL_CONSORTIUM | ||
| 005 | 20080811030012.0 | ||
| 007 | sd fungnnmmneu | ||
| 008 | 080801s2008 nyunnn f n eng d | ||
| 020 | . | ‡a1600241700 | |
| 020 | . | ‡a9781600241703 | |
| 028 | 0 | 1. | ‡aCB630 ‡bRecorded Books |
| 035 | . | ‡a(OCoLC)237216761 | |
| 040 | . | ‡aDV1 ‡cDV1 ‡dCPL ‡dDOV | |
| 100 | 1 | . | ‡aSiddons, Anne Rivers. ‡0(LARL_NWRL_CONSORTIUM)48384 |
| 245 | 1 | 0. | ‡aOff season ‡h[CD/sound recording] / ‡cAnne Rivers Siddons. |
| 260 | . | ‡aNew York, NY : ‡bHachette Audio, ‡cp2008. | |
| 300 | . | ‡a10 sound discs (11 hr., 30 min.) : ‡bdigital ; ‡c4 3/4 in. | |
| 306 | . | ‡a113000. | |
| 500 | . | ‡aUnabridged. | |
| 511 | 0 | . | ‡aRead by Jane Alexander. |
| 500 | . | ‡aCompact disc. | |
| 520 | . | ‡aIt seems like Cam and Lilly have the perfect marriage, the perfect life. When Cam dies, Lilly retreats to Maine's coast, a place where they came time and time again. As she revisits a lifetime of happy memories, she comes to a realization that she needs to re-evaluate everything she thinks she knows. | |
| 650 | 0. | ‡aWidows ‡vFiction. ‡0(LARL_NWRL_CONSORTIUM)167902 | |
| 650 | 0. | ‡aSelf-realization ‡vFiction. ‡0(LARL_NWRL_CONSORTIUM)167225 | |
| 655 | 0. | ‡aCompact discs. | |
| 655 | 0. | ‡aPsychological fiction. | |
| 700 | 1 | . | ‡aAlexander, Jane, ‡d1939- ‡0(LARL_NWRL_CONSORTIUM)72291 |
| 901 | . | ‡a92249 ‡bISxN ‡c92249 ‡tbiblio | |

Add to basket
Permalink
Disable Highlighting